Представление документа в формате MARC21

ПолеНазваниеЗначение
  Тип записи a
  Библиографический уровень m
001 Контрольный номер RU/URAIT/518916
003 Принадлежность контрольного номера https://urait.ru/bcode/518916
005 Дата корректировки 20230913130120.7
008 Кодируемые данные
020 Индекс ISBN __
a ISBN 978-5-534-13227-4
c Цена, тираж 1179.00
040 Источник каталогиз. __
a Служба первич. каталог. ИКО Юрайт
b Код языка каталог. rus
c Служба, преобразующая запись ИКО Юрайт
041 Код языка издания 0_
a Код языка текста rus
044 Код страны публикации __
a Код страны публикации RU
073 _1
a 9785534132274
d 1179.00
080 Индекс УДК __
a Индекс УДК 338.48(075.32)
084 Индекс другой классификации/Индекс ББК __
a Индекс другой классификации/Индекс ББК 65.05я723
2 Источник индекса rubbk
091 Индексы/ коды __
a Индекс ББК (DOS) 65.05я723
z rubbk
100 Автор 1_
a Автор Чуваткин П. П.
q Полное имя Петр Петрович
230 __
a Электрон. дан.
245 Заглавие 00
a Заглавие Управление персоналом гостиничных предприятий
b Продолж. заглавия учебник
c Ответственность П. П. Чуваткин, С. А. Горбатов ; под редакцией П. П. Чуваткина.
260 Выходные данные 1_
a Место издания Москва
b Издательство Юрайт
c Дата издания 2023
300 Физическое описание __
a Объем 280 с
440 Серия _0
a Серия Профессиональное образование
500 Примечания __
a Примечание URL: https://urait.ru/bcode/518916 (дата обращения: 13.09.2023).
520 Аннотация __
a Аннотация В курсе рассматриваются теоретические и практические проблемы управления персоналом гостиничных предприятий. С позиций системного подхода рассматривается система управления персоналом гостиничного предприятия: цели, функции, кадры, технология и методы управления. Подробно рассмотрена проблема мотивации персонала с целью повышения эффективности функционирования гостиничных предприятий. Соответствует актуальным требованиям Федерального государственного образовательного стандарта среднего профессионального образования и профессиональным требованиям. Для студентов, обучающихся по направлениям подготовки «Гостиничное дело», «Менеджмент», «Экономика и управление предприятием», а также слушателей системы повышения квалификации.
538 Прим. о системных особенностях __
a Прим. о системных особенностях Режим доступа: Электронно-библиотечная система Юрайт, для авториз. пользователей
653 Ключевые слова 2_
a Ключевые слова Управление персоналом
653 Ключевые слова 2_
a Ключевые слова Менеджмент
653 Ключевые слова 2_
a Ключевые слова Управление персоналом гостиничного предприятия
653 Ключевые слова 2_
a Ключевые слова Менеджмент и управление персоналом в гостиничном деле
653 Ключевые слова 2_
a Ключевые слова Управление персоналом гостиничных предприятий
700 Другие авторы 1_
a Другие авторы Горбатов С. А.
q Полное имя Святослав Александрович
856 Электронный адрес документа 40
n Местонахождение сервера Юрайт
g Электронная книга
q Тип электронного формата html
h Имя пользователя ЮРАЙТ
v Часы доступа к ресурсу 20251231
2 Способ доступа Показать документ
x Служебное примечание https://urait.ru/book/cover/58B144DE-577A-471D-ACB7-5798B527F419
u URL https://urait.ru/bcode/518916
856 Электронный адрес документа 41
q Тип электронного формата cover
u URL https://urait.ru/book/cover/58B144DE-577A-471D-ACB7-5798B527F419